000 00896cab a2200253 4500
001 WB2935-02
008 090401t1993 xxu||||| |||| 00| 0 eng d
035 _a(Sirsi) u31115
041 _aeng
245 _aStiffer penalty demanded for late payers
260 _c1993
350 _a0
490 _aBuilding
_v258(7812) 24 September 1993, 10(1)
520 _aThe construction industry want a more damaging rate of interest to be inflicted on late payers than the rate suggested by the Government, 1% above the Bank of England base lending rate.
650 _aBILLS
650 _aGC WORKS
650 _aGOVERNMENT DEPARTMENTS
650 _aBUILT ENVIRONMENT-BUILDING CONTRACT FORMS-STANDARD FORMS OF BUILDING CONTRACT-JOINT CONTRACTS TRIBNUAL CONTRACTS
650 _aLATE PAYMENT
650 _aMAIN CONTRACTORS
690 _aBUILT ENVIRONMENT
942 _n0
948 _c04/03/1997
999 _c20906
_d20906